Top 10 des communes de France par lettre - D - Statistiques

Statistiques générales
  • Ce quiz a été pris 143 fois
    131 depuis la dernière actualisation
  • Le résultat moyen est 5 sur 10
Statistiques - réponses
Région/Collectivité Population Commune % Correct
Bourgogne-Franche-Comté 159.941 Dijon
99%
Hauts-de-France 87.013 Dunkerque
84%
Hauts-de-France 39.833 Douai
67%
Provencce-Alpes-Côte-d'Azur 40.789 Draguignan
59%
Normandie 28.599 Dieppe
58%
Île-de-France 71.312 Drancy
54%
Centre-Val-de-Loire 31.205 Dreux
53%
Auvergne-Rhône-Alpes 29.905 Décines-Charpieu
19%
Île-de-France 29.824 Draveil
13%
Nouvelle-Calédonie 34.926 (2025) Dumbéa
10%
Aucun quiz correspondant
Distribution des résultats
% des personnes avec chaque résultat
Percentile par nombre de réponses
Votre historique - résultats
Vous n’avez pas pris ce quiz depuis la dernière actualisation